000 00502nam a2200193 a 4500
001 1761624191609
003 ACL
005 20251028093457.0
008 251028s2007##################000#0#eng##
020 _a9780750684163
082 0 4 _a659.202854678
_bCAS
100 1 _aCass, Gene John,
_eauthor.
245 1 0 _aStrategies and Tools for Corporate Blogging :
260 _bRoutledge,
_c2007.
300 _a242 pages
650 0 _aBusiness & Economics.
942 _cENGLISH
040 _aACL
_beng
_cACL
999 _c594389
_d594389